000 01396nam a22003617a 4500
003 CHAP
005 20220329143047.0
008 051121d2004 mx r 00110 spa d
010 _a91353
011 _a92325
035 _a102889
040 _cCHAP
090 _aTesis
100 0 0 _aApaez Joya, Ma. de la Luz.
_96305
245 1 0 _aEstimación de valores de fibra detergente ácido , fibra detergente neutro y proteína cruda de nueve híbridos de Brachiara spp. con diferentes períodos de corte
_c/por Ma. de la Luz Apáez Joya
260 _aCocula, Gro. :
_bEl autor,
_c2004.
300 _a41 h.
502 _aTesis (Ing. Agr. Zootecnista) -- Colegio Superior Agropecuario del Estado de Guerrero. Centro de Estudios Profesionales
590 _aALEPH
_b10
_c20130110
_lUCH01
_h1507
590 _aBATCH-UPD
_b10
_c20130110
_lUCH01
_h0234
590 _aBATCH-UPD
_b10
_c20130110
_lUCH01
_h2010
590 _aBATCH-UPD
_b10
_c20130410
_lUCH01
_h1329
590 _aBATCH-UPD
_b10
_c20130914
_lUCH01
_h0745
590 _aCONVERSION
_b10
_c20130109
_lUCH01
_h1351
650 1 4 _aAlimentos y alimentacion del ganado.
_94326
650 1 4 _aBrachiaria.
_914919
650 1 4 _aFibras vegetales en nutrición animal.
_940707
650 1 4 _aForrajes
_xValor nutritivo.
_942601
901 _aBK
905 _aAlejandra Carrasco M.
942 _cTESIS
949 _aTesis
_bBC
_cTES
_d1028891
_eTS1
_h44104
_i102889
_sb
999 _c91353
_d91353